Little League World Series Countries All Time (1947-2016) - Statistics

General Stats
  • This quiz has been taken 96 times
  • The average score is 14 of 29
Answer Stats
Appearances Answer % Correct
27 Japan
97%
29 Mexico
91%
60 Canada
86%
5 South Korea
83%
4 Australia
75%
28 Taiwan
70%
18 Venezuela
67%
3 Italy
65%
1 France
61%
8 Dominican Republic
58%
16 Germany
58%
7 Panama
55%
5 Russia
55%
9 Spain
54%
8 Puerto Rico
39%
2 Belgium
38%
1 Poland
38%
2 Netherlands
36%
2 Nicaragua
30%
1 Philippines
30%
12 Curacao
29%
1 Greece
28%
22 Saudi Arabia
28%
1 Turkey
26%
2 Czech Republic
19%
1 Aruba
16%
5 Guam
16%
2 Uganda
12%
3 North Marina Islands
3%
No matching quizzes found
Score Distribution
Percent of People with Each Score
Percentile by Number Answered
Your Score History
You have not taken this quiz